The Black Economy in India / (Record no. 70506)

MARC details
000 -LEADER
fixed length control field 00848nam a22002177a 4500
005 - DATE AND TIME OF LATEST TRANSACTION
control field 2012100400290.0
010 ## - LCCN (DPL NO)
LC control number B-456376
020 ## - INTERNATIONAL STANDARD BOOK NUMBER
International Standard Book Number 9780143028673
Terms of availability 325.00
035 ## - SYSTEM CONTROL NUMBER
System control number B-456376
037 ## - SOURCE OF ACQUISITION
Stock number dpl
Source of stock number/acquisition K.K.Pub/Ven
082 ## - DEWEY DECIMAL CLASSIFICATION NUMBER
Classification number 330
100 ## - MAIN ENTRY--PERSONAL NAME
Personal name Arun Kumar
245 ## - TITLE STATEMENT
Title The Black Economy in India /
Statement of responsibility, etc by Arun Kumar
260 ## - PUBLICATION, DISTRIBUTION, ETC. (IMPRINT)
Place of publication, distribution, etc New Delhi
Name of publisher, distributor, etc Penguin Group
Date of publication, distribution, etc 2002
270 ## - ADDRESS
Address 11 Community Centre, Panchsheel Park,
City New Delhi
Postal code 110017
300 3# - PHYSICAL DESCRIPTION
Extent 354p.
Dimensions 21 cm (pbk)
500 ## - GENERAL NOTE
General note it includes bibliogrphical references and index
942 ## - ADDED ENTRY ELEMENTS (KOHA)
Source of classification or shelving scheme Dewey Decimal Classification
Item type English Books
Classification part 330
Call number suffix ARU
Holdings
Withdrawn status Lost status Not for loan Collection code Home library Current library Date acquired Source of acquisition Cost, normal purchase price Full call number Barcode Copy number Cost, replacement price Koha item type
      Non-fiction Central Library Central Library 04/10/2012 K.K.Pub/BL1600/11.01.2012/SP/15/11.01.2012/03.02.2012 325.00 330 ARU B-456376 1 325.00 English Books

© Delhi Public Library
Hit Counter
free hit counter